[Event "N4 Blagny / Reims"]
[Site "?"]
[Date "2016.01.10"]
[Round "4.6"]
[White "Vallet, Aurelien"]
[Black "Habran, Gael"]
[Result "1-0"]
[WhiteElo "1541"]
[BlackElo "1552"]
[PlyCount "101"]
[EventDate "2016.01.10"]
[SourceDate "2016.01.10"]

1. e4 c6 2. d4 d5 3. e5 Bf5 4. Bd3 Bxd3 5. Qxd3 e6 6. Nf3 c5 7. c3 Nd7 8. O-O
Ne7 9. Na3 Qb6 10. Nc2 Nc6 11. Re1 Be7 12. Rb1 O-O 13. Ng5 g6 14. h4 Kg7 15. h5
cxd4 16. cxd4 Nb4 17. Nxb4 Qxb4 18. Bd2 Qb6 19. Nh3 Rac8 20. Qe3 Rc4 21. Qh6+
Kg8 22. Bg5 Re8 23. Bxe7 Rxe7 24. Ng5 f6 25. exf6 Nxf6 26. hxg6 Qxd4 27. Nxe6
Qxf2+ 28. Kxf2 Ng4+ 29. Kf3 Nxh6 30. gxh7+ Rxh7 31. Ng5 Rhc7 32. Rbd1 Kg7 33.
Ne6+ Kf7 34. Nxc7 Rxc7 35. Rh1 Ng8 36. Rxd5 Nf6 37. Rd2 Ke6 38. Re1+ Kf5 39.
g4+ Kg5 40. Re5+ Kg6 41. Rd6 Kg7 42. g5 Ng8 43. Red5 Rf7+ 44. Kg4 Ne7 45. Rd2
Ng6 46. Kg3 Ne5 47. Rf2 Rc7 48. Rd5 Nc4 49. Rc2 Rc6 50. Rd7+ Kg6 51. Rxb7 1-0

[Event "N4 Blagny / Reims"]
[Site "?"]
[Date "2016.01.10"]
[Round "4.7"]
[White "Van Malderen, Siegfried"]
[Black "Francois, Gwladys"]
[Result "0-1"]
[WhiteElo "1440"]
[BlackElo "1527"]
[PlyCount "72"]
[EventDate "2016.01.10"]
[SourceDate "2016.01.10"]

1. g3 Nf6 2. Bg2 d5 3. Nf3 e6 4. d4 Be7 5. O-O Bd7 6. Nc3 O-O 7. Bd2 c5 8. e3
Nc6 9. Ne5 cxd4 10. Nxc6 Bxc6 11. exd4 Qb6 12. Bc1 Rac8 13. a3 Nd7 14. Re1 Bf6
15. Re2 Bxd4 16. Be3 Bxe3 17. fxe3 Qxb2 18. Qe1 Bb5 19. Nxb5 Qxb5 20. Bf1 Qc5
21. Kg2 Nf6 22. h3 Ne4 23. Qc1 Qd6 24. Qe1 Rc3 25. a4 Rfc8 26. Ra2 h6 27. Kh2
R8c6 28. Bg2 Nf6 29. Qf2 Qc7 30. Rd2 Qb6 31. Rd3 Qb1 32. Ra3 Rxa3 33. Rxa3 Rxc2
34. Qf3 Qb2 35. Rd3 Rf2 36. Kg1 Rxf3 0-1

[Event "N4 Blagny / Reims"]
[Site "?"]
[Date "2016.01.10"]
[Round "4.8"]
[White "Iskandaryan, Areg"]
[Black "Ledoux, Hugo"]
[Result "1-0"]
[WhiteElo "1334"]
[BlackElo "1140"]
[Annotator ",Marc"]
[PlyCount "38"]
[EventDate "2016.01.10"]
[SourceDate "2016.01.10"]

1. e4 d5 2. e5 Bf5 3. f4 e6 4. Nf3 Bg6 5. d4 c5 6. c3 Nc6 7. Bb5 Qb6 8. Qb3 c4
9. Bxc6+ Qxc6 10. Qd1 Qb5 11. Nbd2 Bh5 12. O-O O-O-O 13. b3 f6 14. Qe2 cxb3 15.
Qxb5 Be8 16. Qxb3 f5 17. Ba3 Bxa3 18. Qxa3 Kb8 19. Rab1 Bc6 {
suite impossible le cavalier blanc venant en b4 !!!} 1-0

[Event "N4 EPERNAY   E AUBOIS"]
[Site "?"]
[Date "2016.01.10"]
[Round "4"]
[White "Durant, Christophe"]
[Black "Guyot, Philippe"]
[Result "1/2-1/2"]
[WhiteElo "1964"]
[BlackElo "1996"]
[PlyCount "27"]
[EventDate "2013.02.10"]
[SourceDate "2016.01.10"]

1. d4 Nf6 2. Nf3 d5 3. Bf4 Nbd7 4. e3 Nh5 5. Bg5 h6 6. Bh4 g5 7. Bg3 Bg7 8. Be2
Nxg3 9. hxg3 e6 10. c4 c6 11. Nc3 Qe7 12. cxd5 exd5 13. Qc2 Nb6 14. Rd1 1/2-1/2

[Event "N4 EPERNAY   E AUBOIS"]
[Site "?"]
[Date "2016.01.10"]
[Round "4"]
[White "Puech, Armel"]
[Black "Guillaume, Jean-Francois"]
[Result "1-0"]
[WhiteElo "1810"]
[BlackElo "1816"]
[PlyCount "21"]
[EventDate "2013.02.10"]
[SourceDate "2016.01.10"]

1. e4 Nc6 2. Nc3 f5 3. exf5 Nf6 4. Be2 g6 5. fxg6 hxg6 6. d4 e5 7. dxe5 Nxe5 8.
Bg5 Nf7 9. Qd2 Bb4 10. Qe3+ Qe7 11. Bxf6 1-0

[Event "N4 EPERNAY   E AUBOIS"]
[Site "?"]
[Date "2016.01.10"]
[Round "4"]
[White "Crepaux, Jean-Marie"]
[Black "Gallant, Aurelien"]
[Result "0-1"]
[WhiteElo "1873"]
[BlackElo "2110"]
[PlyCount "72"]
[EventDate "2013.02.10"]
[SourceDate "2016.01.10"]

1. e4 c5 2. Nf3 d6 3. d4 cxd4 4. Nxd4 Nf6 5. Nc3 a6 6. Be2 e5 7. Nb3 Be6 8. Be3
Nbd7 9. O-O Be7 10. Qd2 O-O 11. f3 b5 12. Rfd1 Nb6 13. Na5 Qc7 14. a3 d5 15.
exd5 Nbxd5 16. Nxd5 Nxd5 17. Bf2 Nf4 18. Bd3 Rfd8 19. b4 Nxd3 20. cxd3 Rd5 21.
Rac1 Qd7 22. Qe3 h6 23. Rc3 Bf5 24. Qb6 Bd8 25. Qb7 Qxb7 26. Nxb7 Bf6 27. Nc5
a5 28. Ne4 Be7 29. Bc5 axb4 30. axb4 Bxc5+ 31. Nxc5 Rd4 32. Rb3 Ra2 33. h3 g5
34. Kh2 h5 35. Rbb1 Rh4 36. Kg3 Rxh3+ 0-1

[Event "N4 EPERNAY   E AUBOIS"]
[Site "?"]
[Date "2016.01.10"]
[Round "4"]
[White "Grimmer, Jonathan"]
[Black "Leroy, patrick"]
[Result "1-0"]
[WhiteElo "1920"]
[BlackElo "1925"]
[PlyCount "39"]
[EventDate "2013.02.10"]
[SourceDate "2016.01.10"]

1. d4 e6 2. Nf3 Nf6 3. Nbd2 b6 4. e4 Ba6 5. c4 d5 6. e5 Ne4 7. Qa4+ Qd7 8.
Qxd7+ Nxd7 9. cxd5 Bxf1 10. Rxf1 Nxd2 11. Bxd2 exd5 12. O-O-O Be7 13. Rfe1 O-O
14. Kb1 c5 15. e6 fxe6 16. Rxe6 Bf6 17. Rd6 Rfd8 18. Rxd5 cxd4 19. Bg5 Ne5 20.
Rxe5 1-0

[Event "N4 EPERNAY   E AUBOIS"]
[Site "?"]
[Date "2016.01.10"]
[Round "4"]
[White "Hascher, Nicolas"]
[Black "Durant, Marie"]
[Result "1-0"]
[WhiteElo "1978"]
[BlackElo "1847"]
[PlyCount "51"]
[EventDate "2013.02.10"]
[SourceDate "2016.01.10"]

1. d4 Nf6 2. Nf3 g6 3. c4 Bg7 4. Nc3 O-O 5. e4 d6 6. h3 e5 7. dxe5 dxe5 8. Qxd8
Rxd8 9. Bg5 c6 10. Nxe5 Re8 11. O-O-O Nxe4 12. Nxe4 Bxe5 13. Nf6+ Bxf6 14. Bxf6
Nd7 15. Bc3 Nc5 16. f3 Ne6 17. h4 Ng7 18. g4 h5 19. gxh5 Nxh5 20. Bd3 Nf4 21.
h5 Nxd3+ 22. Rxd3 Bf5 23. hxg6 fxg6 24. Rd2 Rac8 25. Rdh2 b5 26. Rh7 1-0

[Event "N4 EPERNAY   E AUBOIS"]
[Site "?"]
[Date "2016.01.10"]
[Round "4"]
[White "Massart, Sylvain"]
[Black "Moine, Patrick"]
[Result "0-1"]
[WhiteElo "1450"]
[BlackElo "1806"]
[PlyCount "76"]
[EventDate "2013.02.10"]
[SourceDate "2016.01.10"]

1. e4 c5 2. Nc3 d6 3. Bb5+ Nc6 4. Nf3 Bd7 5. O-O Nf6 6. h3 e6 7. d3 Be7 8. Bxc6
Bxc6 9. e5 Nd5 10. Nxd5 Bxd5 11. exd6 Bxd6 12. c4 Bc6 13. Re1 O-O 14. Ne5 Be8
15. Qg4 Kh8 16. b3 f6 17. Nf3 Bd7 18. Qe4 Bc6 19. Qe3 b6 20. Bb2 Qc7 21. d4
Rae8 22. Rad1 Bf4 23. Qc3 cxd4 24. Nxd4 Be5 25. Qc2 Bxd4 26. Bxd4 e5 27. Ba1
Rd8 28. Rxd8 Rxd8 29. Rd1 Kg8 30. Rxd8+ Qxd8 31. Kh2 Qd6 32. g3 Bb7 33. Qb1 Qc6
34. Qg1 Qf3 35. h4 g5 36. g4 gxh4 37. g5 Qf4+ 38. Kh3 Bc8+ 0-1

[Event "N4 EPERNAY   E AUBOIS"]
[Site "?"]
[Date "2016.01.10"]
[Round "4"]
[White "Brun, Franck"]
[Black "Robert, Guillaume"]
[Result "1-0"]
[WhiteElo "1831"]
[BlackElo "1569"]
[PlyCount "57"]
[EventDate "2013.02.10"]
[SourceDate "2016.01.10"]

1. e4 c5 2. Nf3 Nc6 3. d4 cxd4 4. Nxd4 e5 5. Nb5 Bc5 6. Nd6+ Bxd6 7. Qxd6 Qe7
8. Qd1 Nf6 9. Nc3 O-O 10. Nd5 Nxd5 11. exd5 Qb4+ 12. c3 Qe4+ 13. Be3 Na5 14.
Qd3 Qa4 15. Be2 Nb3 16. Bd1 e4 17. Bxb3 Qxb3 18. axb3 exd3 19. d6 b6 20. Kd2
Bb7 21. Kxd3 Bxg2 22. Rhg1 Bc6 23. Bh6 Rfe8 24. Rxg7+ Kh8 25. Rxf7 Re6 26. Rf8+
Rxf8 27. Bxf8 a5 28. Be7 Re5 29. Bf6+ 1-0

[Event "N4 EPERNAY   E AUBOIS"]
[Site "?"]
[Date "2016.01.10"]
[Round "4"]
[White "Roussel, Jean-marc"]
[Black "Gevorgyan, Ruben"]
[Result "1-0"]
[WhiteElo "1702"]
[BlackElo "1399"]
[PlyCount "101"]
[EventDate "2013.02.10"]
[SourceDate "2016.01.10"]

1. d4 d5 2. Nf3 Nc6 3. Bf4 Nf6 4. e3 a6 5. Nbd2 Bf5 6. a3 e6 7. Ne5 Nxe5 8.
Bxe5 c5 9. c3 c4 10. h3 Be7 11. Be2 h5 12. Nf3 Be4 13. O-O Bd6 14. Bxd6 Qxd6
15. Ne5 g6 16. f4 Qe7 17. Qa4+ b5 18. Qd1 Rg8 19. Bf3 g5 20. Bxh5 Rg7 21. Rf2
Nh7 22. g4 Rc8 23. Kh2 Kd8 24. a4 gxf4 25. Rxf4 f5 26. axb5 Qh4 27. Qe1 Qxe1
28. Rxe1 axb5 29. Ra1 Kc7 30. Ra7+ Kb6 31. Rxg7 Nf6 32. Rg6 Nxh5 33. Rxe6+ Ka5
34. gxh5 Rg8 35. Rf2 b4 36. Nc6+ Kb5 37. Nxb4 Ka4 38. h6 Rg5 39. Ra6+ Kb5 40.
Rd6 Rh5 41. Nc6 Ka4 42. Ne7 Kb3 43. Nxd5 Bc2 44. Nf4 Rh4 45. Kg3 Rxf4 46. Kxf4
Kxb2 47. h7 Kxc3 48. h8=Q Kd3 49. Qa8 Bb3 50. Qa1 c3 51. Qf1# 1-0

[Event "Rethel/La Francheville"]
[Site "?"]
[Date "2016.01.10"]
[Round "4"]
[White "Sohier, Renaud"]
[Black "Belloy, Julien"]
[Result "1/2-1/2"]
[WhiteElo "2026"]
[BlackElo "2087"]
[PlyCount "35"]
[EventDate "2016.01.12"]
[SourceDate "2016.01.28"]

1. d4 Nf6 2. c4 g6 3. Nc3 d5 4. cxd5 Nxd5 5. g3 Bg7 6. Bg2 c6 7. e4 Nxc3 8.
bxc3 c5 9. Ne2 Bg4 10. f3 Bd7 11. Qb3 Qb6 12. Qxb6 axb6 13. Be3 Bb5 14. e5 Ra3
15. f4 Nc6 16. Bc1 Ra4 17. Be3 Ra3 18. Bc1 1/2-1/2

[Event "Rethel/La Francheville"]
[Site "?"]
[Date "2016.01.10"]
[Round "4"]
[White "Carré, Cédric"]
[Black "Noizet, Donatien"]
[Result "1-0"]
[WhiteElo "2076"]
[BlackElo "1956"]
[PlyCount "71"]
[EventDate "2016.01.12"]
[SourceDate "2016.01.28"]

1. e4 e5 2. Nf3 Nc6 3. Bc4 Be7 4. O-O Nf6 5. Re1 d6 6. h3 h6 7. c3 O-O 8. d4 a6
9. a4 Bd7 10. Nbd2 Rb8 11. a5 Qc8 12. Nf1 Kh8 13. Ng3 Nh7 14. Bd3 Qd8 15. d5
Na7 16. Be3 Nc8 17. Qd2 Bg5 18. Nxg5 hxg5 19. b4 f6 20. c4 Qe8 21. Rac1 Ne7 22.
c5 Rc8 23. cxd6 cxd6 24. Rxc8 Nxc8 25. Rc1 Qd8 26. Rc3 f5 27. exf5 Bb5 28. Bxb5
axb5 29. Qd3 Qd7 30. Qc2 Qe8 31. Ne4 Nf6 32. Nxf6 gxf6 33. Rc7 Ne7 34. Rxb7
Nxd5 35. a6 Nxb4 36. Qc7 1-0

[Event "Rethel/La Francheville"]
[Site "?"]
[Date "2016.01.10"]
[Round "4"]
[White "Gerardin, David"]
[Black "Belloy, Nicolas"]
[Result "0-1"]
[WhiteElo "1743"]
[BlackElo "1959"]
[PlyCount "46"]
[EventDate "2016.01.12"]
[SourceDate "2016.01.28"]

1. e4 c5 2. Nf3 e6 3. d4 cxd4 4. Nxd4 a6 5. Nc3 Qc7 6. Be2 Nf6 7. a3 Nc6 8. Nb3
b5 9. Bd3 Bb7 10. O-O Be7 11. Be3 Ne5 12. Nd2 Neg4 13. Nf3 Nxe3 14. fxe3 Ng4
15. Qe2 Bc5 16. Nd1 O-O 17. h3 Ne5 18. Nd2 Rad8 19. Rc1 d5 20. exd5 Bxd5 21. b4
Bb6 22. Kh1 Nxd3 23. Qxd3 Bxg2+ 0-1

[Event "Rethel/La Francheville"]
[Site "?"]
[Date "2016.01.10"]
[Round "4"]
[White "Fleurentin, Arnaud"]
[Black "Biniaux, Michael"]
[Result "*"]
[WhiteElo "1740"]
[BlackElo "1733"]
[PlyCount "101"]
[EventDate "2016.01.12"]
[SourceDate "2016.01.28"]

1. c4 d5 2. cxd5 Qxd5 3. Nc3 Qa5 4. Nf3 Bg4 5. g3 Nf6 6. Bg2 c6 7. O-O Nbd7 8.
d3 e5 9. a3 Bd6 10. Bd2 Qb6 11. Rb1 a5 12. Qc2 O-O 13. Rfc1 Rfc8 14. Ng5 Bf5
15. Be3 Qc7 16. b4 h6 17. Nge4 Nxe4 18. Nxe4 Bxe4 19. Bxe4 Nf6 20. Bf5 Rd8 21.
bxa5 Bxa3 22. Rd1 c5 23. Qb3 Bb4 24. Rdc1 Qxa5 25. Ra1 Qxa1 26. Rxa1 Rxa1+ 27.
Kg2 Rda8 28. Bg6 Rf8 29. d4 Ng4 30. Bh5 Ra3 31. Qd5 Nxe3+ 32. fxe3 Rxe3 33.
dxc5 Rc3 34. Qxb7 Bxc5 35. Qd5 Bd4 36. Bg6 Rc1 37. Bd3 Rg1+ 38. Kh3 Kh8 39. Qd6
Rg8 40. Bc4 Rf1 41. Qc7 Rf2 42. Qe7 g5 43. g4 h5 44. gxh5 g4+ 45. Kg3 Rg7 46.
Qf8+ Kh7 47. Bd3+ f5 48. Bxf5+ Rxf5 49. Qxf5+ Kh6 50. Qf6+ Kh7 51. Qf5+ *

[Event "Rethel/La Francheville"]
[Site "?"]
[Date "2016.01.10"]
[Round "4"]
[White "Monceau, Etienne"]
[Black "Brodier, Thierry"]
[Result "*"]
[WhiteElo "1707"]
[BlackElo "1675"]
[PlyCount "79"]
[EventDate "2016.01.12"]
[SourceDate "2016.01.28"]

1. d4 Nf6 2. c4 g6 3. Nc3 Bg7 4. e4 d6 5. f4 Nbd7 6. Nf3 c5 7. d5 O-O 8. Bd3 a6
9. a4 Qc7 10. O-O Re8 11. Qc2 Nf8 12. Bd2 e6 13. Rfe1 e5 14. fxe5 dxe5 15. Rf1
Bd7 16. Ne2 Rac8 17. Rfc1 Red8 18. h3 Ne8 19. Kh1 Nd6 20. b4 f5 21. Ng3 f4 22.
Ne2 Bf6 23. Rab1 b6 24. a5 bxa5 25. bxc5 Qxc5 26. Qa2 a4 27. Bb4 Qe3 28. Qd2
Qxd2 29. Nxd2 Nf7 30. Ba5 Re8 31. c5 Bb5 32. Bxb5 axb5 33. Rxb5 Bd8 34. Bb4 Nd7
35. Rb7 Nb8 36. d6 Re6 37. d7 Rc7 38. Rxb8 Rxd7 39. c6 Rc7 40. Ba5 *

[Event "Rethel/La Francheville"]
[Site "?"]
[Date "2016.01.31"]
[Round "4"]
[White "Wille, Frédéric"]
[Black "Noizet, Régis"]
[Result "1/2-1/2"]
[WhiteElo "1569"]
[BlackElo "1628"]
[PlyCount "122"]
[EventDate "2016.01.12"]
[SourceDate "2016.01.28"]

1. d4 d5 2. Nf3 Nf6 3. e3 g6 4. Bd3 Bg7 5. O-O O-O 6. Nbd2 Nbd7 7. b3 c5 8. Bb2
Qc7 9. Rc1 b6 10. Qe2 Bb7 11. c4 Rad8 12. dxc5 bxc5 13. cxd5 Nxd5 14. Bxg7 Kxg7
15. Nc4 f6 16. Rfd1 N5b6 17. Ncd2 e5 18. Be4 Qb8 19. Bxb7 Qxb7 20. Nc4 Qa6 21.
Rc2 Nxc4 22. Rxc4 Nb6 23. Rxd8 Rxd8 24. Rc2 Qxe2 25. Rxe2 c4 26. bxc4 Nxc4 27.
g3 a5 28. Rc2 Rd1+ 29. Kg2 Nb6 30. Nd2 a4 31. Nc4 Rb1 32. Nxb6 Rxb6 33. Rc3 Rb2
34. Ra3 Rb4 35. Kf1 f5 36. Ke2 g5 37. h3 h5 38. Kd2 g4 39. hxg4 hxg4 40. Kc2
Re4 41. Kd3 Rb4 42. Kc3 Re4 43. Kd3 Kf6 44. Rc3 Rb4 45. Rc4 Rb2 46. Rc2 Rb6 47.
Rc4 a3 48. Rc3 Rb2 49. Rc2 Rxc2 50. Kxc2 Ke6 51. Kb3 Kd5 52. Kxa3 Ke4 53. Kb4
Kf3 54. a4 Kxf2 55. a5 Kxg3 56. a6 Kf2 57. a7 g3 58. a8=Q Kxe3 59. Qd5 Kf4 60.
Qg2 Kg4 61. Qe2+ Kf4 1/2-1/2

[Event "Rethel/La Francheville"]
[Site "?"]
[Date "2016.01.10"]
[Round "4"]
[White "Lambert, Alban"]
[Black "Regnier, Cedric"]
[Result "0-1"]
[WhiteElo "1627"]
[BlackElo "1596"]
[PlyCount "78"]
[EventDate "2016.01.12"]
[SourceDate "2016.01.28"]

1. d4 Nf6 2. c4 e6 3. Nc3 Bb4 4. Nf3 c5 5. Qc2 b6 6. a3 Bxc3+ 7. Qxc3 Bb7 8.
dxc5 bxc5 9. Bg5 d6 10. Bxf6 Qxf6 11. Qxf6 gxf6 12. g3 Bxf3 13. exf3 Nd7 14.
Bg2 Ke7 15. O-O Rab8 16. Rab1 Rb3 17. Rfc1 Rhb8 18. Rc2 Ne5 19. f4 Nd3 20. Be4
Nxb2 21. g4 h6 22. f5 Kd7 23. fxe6+ fxe6 24. f4 Na4 25. Rcc1 Rxb1 26. Rxb1
Rxb1+ 27. Bxb1 Nc3 28. Bd3 Kc6 29. h4 d5 30. g5 hxg5 31. fxg5 fxg5 32. h5 dxc4
33. Bxc4 Ne4 34. Bxe6 Nf6 35. h6 Kb5 36. Bf5 Ka4 37. h7 Nxh7 38. Bxh7 Kxa3 39.
Kf2 a5 0-1

[Event "Rethel/La Francheville"]
[Site "?"]
[Date "2016.01.10"]
[Round "4"]
[White "Bryl, Laura"]
[Black "Lhoest, Alain"]
[Result "0-1"]
[WhiteElo "1280"]
[BlackElo "1615"]
[PlyCount "40"]
[EventDate "2016.01.12"]
[SourceDate "2016.01.28"]

1. e4 c5 2. Nf3 d6 3. c3 Nf6 4. d3 g6 5. Nbd2 Nc6 6. d4 cxd4 7. cxd4 Bg7 8. Bc4
e6 9. O-O O-O 10. Re1 Qc7 11. d5 Na5 12. b3 exd5 13. exd5 Nxd5 14. Rb1 Nc3 15.
Re7 Qxe7 16. Qe1 Qxe1+ 17. Nxe1 Nxb1 18. Nxb1 Nxc4 19. bxc4 Be6 20. Ba3 Rfe8
0-1

[Event "Chaumont/Epernay"]
[Site "?"]
[Date "2016.01.31"]
[Round "5"]
[White "RAPINEL, Franck"]
[Black "LEROY, Patrick"]
[Result "1/2-1/2"]
[WhiteElo "2120"]
[BlackElo "1925"]
[PlyCount "34"]
[EventDate "2016.01.31"]
[SourceDate "2016.01.31"]

1. d4 e6 2. c4 c5 3. d5 exd5 4. cxd5 d6 5. Nc3 a6 6. a4 Ne7 7. Nf3 Ng6 8. g3
Be7 9. Bg2 Bf6 10. O-O O-O 11. Ne4 Be7 12. Qb3 b6 13. Rd1 Nd7 14. h4 Rb8 15.
Qc2 Nf6 16. Nxf6+ Bxf6 17. Bg5 h6 1/2-1/2

[Event "Chaumont/Epernay"]
[Site "?"]
[Date "2016.01.31"]
[Round "5"]
[White "CREPAUX, Jean-Marie"]
[Black "PICARD, Serge"]
[Result "0-1"]
[WhiteElo "1873"]
[BlackElo "2044"]
[PlyCount "84"]
[EventDate "2016.01.31"]
[SourceDate "2016.01.31"]

1. e4 e5 2. Bc4 Nc6 3. Nf3 Nf6 4. Ng5 d5 5. exd5 b5 6. Bf1 Nxd5 7. Qf3 Qd7 8.
Bxb5 Bb7 9. Nc3 Nxc3 10. dxc3 f6 11. Ne4 f5 12. Qh5+ Qf7 13. Qxf7+ Kxf7 14.
Ng5+ Kf6 15. O-O h6 16. Nh3 g5 17. f3 Bc5+ 18. Nf2 Rad8 19. b4 Bb6 20. Bd3 Rhe8
21. Kh1 Ne7 22. Bb2 Nd5 23. Nd1 Nf4 24. c4 c5 25. b5 g4 26. Nc3 gxf3 27. gxf3
Nxd3 28. cxd3 Rxd3 29. Nd5+ Bxd5 30. cxd5 c4 31. f4 c3 32. fxe5+ Rxe5 33. Bc1
Be3 34. Bxe3 Rexe3 35. Kg1 c2 36. a4 Rxd5 37. Rfc1 Re2 38. h3 f4 39. Kf1 f3 40.
Re1 Rxe1+ 41. Kxe1 Rd1+ 42. Rxd1 f2+ 0-1

[Event "Chaumont/Epernay"]
[Site "?"]
[Date "2016.01.31"]
[Round "5"]
[White "DA COSTA, Manuel"]
[Black "DURANT, Marie"]
[Result "1/2-1/2"]
[WhiteElo "1887"]
[BlackElo "1847"]
[PlyCount "68"]
[EventDate "2016.01.31"]
[SourceDate "2016.01.31"]

1. e4 e6 2. Nf3 d5 3. exd5 exd5 4. d4 Nf6 5. Be2 Be7 6. O-O O-O 7. h3 Re8 8.
Be3 Nbd7 9. Nbd2 Nf8 10. Ne5 Bf5 11. Ndf3 Ng6 12. Nxg6 Bxg6 13. Ne5 Ne4 14.
Nxg6 hxg6 15. c4 c6 16. Rc1 Bg5 17. Bxg5 Qxg5 18. cxd5 cxd5 19. Bd3 Rad8 20.
Rc7 Re7 21. Rxe7 Qxe7 22. Re1 Qh4 23. Bxe4 dxe4 24. d5 Qf4 25. Qd4 f5 26. Rd1
b6 27. d6 Qg5 28. Qd5+ Kh7 29. Qb7 e3 30. Qf3 f4 31. fxe3 fxe3 32. d7 Qe7 33.
Re1 Rxd7 34. Qxe3 Qxe3+ 1/2-1/2

[Event "Chaumont/Epernay"]
[Site "?"]
[Date "2016.01.31"]
[Round "5"]
[White "PUECH, Armel"]
[Black "PARISOT, Anthony"]
[Result "1/2-1/2"]
[WhiteElo "1810"]
[BlackElo "1828"]
[PlyCount "31"]
[EventDate "2016.01.31"]
[SourceDate "2016.01.31"]

1. e4 c5 2. Nc3 Nc6 3. g3 g6 4. Bg2 Bg7 5. d3 e6 6. Be3 Nd4 7. Nf3 Ne7 8. Qd2
O-O 9. O-O a6 10. Bh6 b5 11. Bxg7 Kxg7 12. Ne2 Nxe2+ 13. Qxe2 Bb7 14. h4 d5 15.
Rad1 Qc7 16. Qe3 1/2-1/2

[Event "Chaumont/Epernay"]
[Site "?"]
[Date "2016.01.31"]
[Round "5"]
[White "MASERA, Michel"]
[Black "ROBERT, Guillaume"]
[Result "1-0"]
[WhiteElo "1846"]
[BlackElo "1569"]
[PlyCount "57"]
[EventDate "2016.01.31"]
[SourceDate "2016.01.31"]

1. d4 d6 2. c4 c6 3. e4 Nd7 4. Nc3 Ngf6 5. Nf3 Qc7 6. Be2 g6 7. O-O Bg7 8. Be3
O-O 9. Rc1 Re8 10. b4 b6 11. c5 Bb7 12. h3 Rad8 13. Qb3 e6 14. cxd6 Qb8 15. e5
Nd5 16. Nxd5 cxd5 17. Rc7 h6 18. Bb5 Bc8 19. Qa4 a5 20. bxa5 bxa5 21. Bxd7 Bxd7
22. Rxd7 Qa8 23. Rc1 Rb8 24. Rcc7 Rb1+ 25. Kh2 Qa6 26. Rxf7 Bxe5+ 27. Nxe5 Rbb8
28. Rg7+ Kh8 29. Nxg6# 1-0

[Event "Chaumont/Epernay"]
[Site "?"]
[Date "2016.01.31"]
[Round "?"]
[White "KERLAU, Gildas"]
[Black "MASSART, Sylvain"]
[Result "1-0"]
[WhiteElo "1777"]
[BlackElo "1450"]
[PlyCount "174"]
[EventDate "2016.01.31"]
[SourceDate "2016.01.31"]

1. e4 d6 2. d4 Nf6 3. Nc3 g6 4. Nf3 Bg7 5. h3 c6 6. Bg5 b5 7. a3 a6 8. Qd2 Nbd7
9. Bh6 Bxh6 10. Qxh6 e5 11. Rd1 Qe7 12. d5 cxd5 13. Nxd5 Nxd5 14. exd5 Nf6 15.
Be2 Bb7 16. c4 bxc4 17. Bxc4 Qf8 18. Qe3 Qe7 19. Qh6 Rc8 20. b3 Rc5 21. O-O
Nxd5 22. Rfe1 Nf6 23. Ng5 d5 24. Be2 Qf8 25. Qh4 Qe7 26. Qh6 e4 27. Bd3 Qf8 28.
Qh4 Qg7 29. f3 h6 30. Nxe4 dxe4 31. Bxe4 O-O 32. Bxb7 Rb8 33. b4 Rh5 34. Qc4 a5
35. Qc6 axb4 36. axb4 Nh7 37. Re8+ Rxe8 38. Qxe8+ Qf8 39. Qxf8+ Nxf8 40. Rb1
Rb5 41. Bc6 Rb6 42. b5 Ne6 43. Kf2 Kf8 44. Ke3 Ke7 45. Rd1 Kf6 46. Ke4 Nc7 47.
Rb1 Ke6 48. Kd4 Kd6 49. Kc4 Ne6 50. Be8 Ke7 51. Bc6 Kd6 52. Bd5 f6 53. Bxe6
Kxe6 54. Kc5 Rd6 55. Ra1 Rd2 56. b6 Kd7 57. Rb1 Kc8 58. Kc6 Rc2+ 59. Kd6 Rxg2
60. b7+ Kb8 61. Kc6 Rc2+ 62. Kb6 Rc3 63. Ra1 Rb3+ 64. Kc6 Rxb7 65. Re1 Rb3 66.
Re8+ Ka7 67. Re7+ Ka6 68. Re6 Rxf3 69. Kd7+ Kb5 70. h4 g5 71. h5 g4 72. Re1 Kc5
73. Ke6 Kd4 74. Rg1 f5 75. Kf6 Ke4 76. Kg6 g3 77. Kxh6 Kf4 78. Kg6 Kg4 79. h6
Rf2 80. h7 Rh2 81. Kg7 f4 82. h8=Q Rxh8 83. Kxh8 f3 84. Rc1 f2 85. Rc4+ Kf3 86.
Rc3+ Kg2 87. Rc2 Kg1 1-0

[Event "Chaumont/Epernay"]
[Site "?"]
[Date "2016.01.31"]
[Round "5"]
[White "LEHMANN, Kevin"]
[Black "GEVORGYAN, Ruben"]
[Result "1-0"]
[WhiteElo "1350"]
[BlackElo "1399"]
[PlyCount "69"]
[EventDate "2016.01.31"]
[SourceDate "2016.01.31"]

1. e4 e5 2. Nf3 Nc6 3. Nc3 a6 4. d3 h6 5. Be3 Nf6 6. g3 Bb4 7. Bg2 d6 8. O-O
Bg4 9. Qc1 Qd7 10. a3 Bxc3 11. bxc3 Bh3 12. Re1 O-O-O 13. c4 h5 14. Rb1 Qg4 15.
Ng5 h4 16. Bxh3 hxg3 17. Bxg4+ Nxg4 18. hxg3 Rdf8 19. Nf3 Rh5 20. c3 f5 21.
exf5 Rfh8 22. Nh4 Ne7 23. Kf1 Rxh4 24. gxh4 Rxh4 25. Ke2 Nxf5 26. Rh1 Rh6 27.
Bxh6 gxh6 28. Kf3 Nf6 29. Rxh6 Nxh6 30. Qxh6 Ne8 31. Qe6+ Kd8 32. Rh1 c6 33.
Rh7 Nf6 34. Qxd6+ Kc8 35. Qc7# 1-0

[Event "Chaumont/Epernay"]
[Site "?"]
[Date "2016.01.31"]
[Round "5"]
[White "RAMOS, Vincent"]
[Black "LOUOT, Catherine"]
[Result "0-1"]
[WhiteElo "1140"]
[BlackElo "1371"]
[PlyCount "65"]
[EventDate "2016.01.31"]
[SourceDate "2016.01.31"]

1. e4 e5 2. Nf3 Nc6 3. g3 Bc5 4. Bg2 Nf6 5. Nc3 O-O 6. d3 d6 7. O-O Be6 8. Bg5
h6 9. Bxf6 Qxf6 10. Nd5 Bxd5 11. exd5 Ne7 12. Nd2 Rad8 13. c3 Bb6 14. c4 Ng6
15. Ne4 Qe7 16. b4 Bd4 17. Rc1 f5 18. Nd2 f4 19. Kh1 fxg3 20. fxg3 Rxf1+ 21.
Bxf1 Qf7 22. Bg2 Be3 23. Rb1 Qf2 24. Nf3 Qxa2 25. Qf1 Rf8 26. Ra1 Qb3 27. Rb1
Qc3 28. b5 a5 29. Qe1 Qxd3 30. Rd1 Qb3 31. Ra1 Bb6 32. Qf1 e4 33. c5 0-1

[Event "N4 Reims  E.aubois "]
[Site "?"]
[Date "2016.01.31"]
[Round "5"]
[White "Magnier, Christophe"]
[Black "Guyot, Philippe"]
[Result "0-1"]
[WhiteElo "1786"]
[BlackElo "1996"]
[PlyCount "98"]
[EventDate "2013.01.13"]
[SourceDate "2016.01.31"]

1. e4 e6 2. d4 d5 3. Nc3 dxe4 4. Nxe4 Bd7 5. Nf3 Bc6 6. Bd3 Nd7 7. Qe2 Bxe4 8.
Bxe4 c6 9. a4 Ngf6 10. Bd3 h6 11. Bd2 Bd6 12. Ne5 Qb6 13. Nxd7 Nxd7 14. Qg4 Bf8
15. O-O Nf6 16. Qf3 Qxd4 17. Ba6 Qb6 18. Bd3 Be7 19. a5 Qc7 20. a6 b6 21. Bb5
Rc8 22. Ba4 O-O 23. c4 Bd6 24. Bxh6 Bxh2+ 25. Kh1 Be5 26. Bc1 Rfd8 27. g3 Rd4
28. Bb3 Rcd8 29. Be3 R4d7 30. Ra2 Bd4 31. Bg5 Qe5 32. Bf4 Qf5 33. Qg2 Ng4 34.
Raa1 e5 35. Bc1 Rd6 36. c5 Bxc5 37. Ra4 Nxf2+ 38. Rxf2 Qxf2 39. Qxf2 Bxf2 40.
Kg2 Bd4 41. Bc2 Rf6 42. Be4 Rfd6 43. Rc4 c5 44. b3 b5 45. Rc2 Rxa6 46. Bg5 f6
47. Bd2 Kf7 48. Bb7 Ra3 49. g4 b4 0-1

[Event "N4 Reims  E.aubois "]
[Site "?"]
[Date "2016.01.31"]
[Round "5"]
[White "Moine, Patrick"]
[Black "Tassetti, Florent"]
[Result "0-1"]
[WhiteElo "1806"]
[BlackElo "1776"]
[PlyCount "76"]
[EventDate "2013.01.13"]
[SourceDate "2016.01.31"]

1. d4 d5 2. c4 e6 3. Nc3 Nf6 4. e3 Be7 5. Nf3 O-O 6. Qc2 a6 7. b3 Nbd7 8. Bd3
dxc4 9. bxc4 c5 10. O-O Qc7 11. Ba3 Re8 12. Ne4 Nxe4 13. Bxe4 Nf6 14. Bd3 cxd4
15. Bxe7 Qxe7 16. exd4 Bd7 17. Rfe1 Rac8 18. Qb3 Qd6 19. Rad1 Bc6 20. Ne5 Nd7
21. Re3 Nxe5 22. dxe5 Qc5 23. h4 Red8 24. Qc2 h6 25. Re2 Rd4 26. Red2 Rg4 27.
Bf1 g6 28. h5 Qxe5 29. hxg6 Rxg6 30. Rd8+ Rxd8 31. Rxd8+ Kg7 32. Qd3 Qg5 33. g3
e5 34. Bg2 Bxg2 35. Kxg2 h5 36. Rd7 h4 37. Qd5 Qf5 38. Re7 h3+ 0-1